Las bicicletas son para el verano / (Record no. 148571)

MARC details
000 -CABECERA
campo de control de longitud fija 00785nam a2200217 u 4500
005 - FECHA Y HORA DE LA ÚLTIMA TRANSACCIÓN
campo de control 20210223131314.0
008 - ELEMENTOS DE LONGITUD FIJA--INFORMACIÓN GENERAL
campo de control de longitud fija 100611s1996 es r 000 0 spa d
020 ## - NÚMERO INTERNACIONAL NORMALIZADO PARA LIBROS
Número Internacional Estándar del Libro 8431637390
035 ## - NÚMERO DE CONTROL DEL SISTEMA
Número de control de sistema UPN01000176468
049 ## - COLECCIÓN
Colección CG
050 #4 - SIGNATURA TOPOGRÁFICA DE LA BIBLIOTECA DEL CONGRESO
Número de clasificación PQ6656 E7.62
Número de documento/Ítem B5.3
100 1# - ASIENTO PRINCIPAL--NOMBRE PERSONAL
Nombre de persona Fernán-Gómez, Fernando,
Fechas asociadas al nombre 1921-
245 14 - MENCIÓN DE TÍTULO
Título Las bicicletas son para el verano /
Mención de responsabilidad, etc. Fernando Fernán-Gómez ; ed., introd. y análisis de la obra Manuel Aznar Soler, J. Ramón Lólez García ; il. Fuencisla del Amo.
260 ## - PUBLICACIÓN, DISTRIBUCIÓN, ETC.
Lugar de publicación, distribución, etc. Barcelona, Esp. :
Nombre del editor, distribuidor, etc. Vicens Vives,
Fecha de publicación, distribución, etc. 1996.
300 ## - DESCRIPCIÓN FÍSICA
Extensión 186 p. :
Otras características físicas il.
440 #0 - MENCIÓN DE SERIE/ASIENTO SECUNDARIO--TÍTULO
Título Clásicos hispánicos ;
Designación de volumen o secuencia 17
650 #4 - ASIENTO SECUNDARIO DE MATERIA - TERMINO TEMATICO
Término de materia o nombre geográfico como elemento de entrada TEATRO ESPAÑOL -
Subdivisión cronológica SIGLO XX
9 (RLIN) 13117
651 #4 - ASIENTO SECUNDARIO DE MATERIA - NOMBRE GEOGRAFICO
Nombre geográfico ESPAÑA -
Subdivisión general HISTORIA -
Subdivisión cronológica 1936-1975
9 (RLIN) 7383
700 1# - ASIENTO SECUNDARIO--NOMBRE DE PERSONAL
Nombre de persona Aznar Soler, Manuel,
Término indicativo de función/relación ed.
905 ## - TIPO DE MATERIAL
Tipo de material Libro
Holdings
Estado de retiro Estado de pérdida Fuente del sistema de clasificación o colocación Estado dañado No para préstamo Código de colección Localización permanente Ubicación/localización actual Ubicación en estantería Total de préstamos Clasificación Código de barras Fecha visto por última vez Número de copia Tipo de ítem Koha
    Library of Congress Classification     Colección General Bib. Gregorio Torres Quintero Bib. Gregorio Torres Quintero Planta baja   PQ6656 E7.62 B5.3 273404 31/12/2020 1 Libro
    Library of Congress Classification     Colección General Bib. Gregorio Torres Quintero Bib. Gregorio Torres Quintero Planta baja   PQ6656 E7.62 B5.3 283772 31/12/2020 1 Libro